000 00616nam a2200217 a 4500
008
020 _z0898683069 (cased)
049 _aMAIN
090 _aQH457
245 0 0 _aBehavioural phenotypes /
_cedited by Gregory O'Brien.
260 _aLondon :
_bMac Keith Press,
_c1995.
300 _ax, 211 p. ;
_c25 cm.
440 0 _aClinics in developmental medicine ;
_vNo. 138.
650 0 _aBehavior.
650 0 _aGenetics, Behavioral.
907 _a.b10128153
_b23-06-04
_c21-06-04
003
005 20230123133743.0
040 _cNUST
942 _cBOOKS
_kQH457
999 _c154055
_d154055